Sue Me by Sabrina Carpenter Lyrics - Statistics

General Stats
  • This quiz has been taken 77 times
  • The average score is 260 of 336
Answer Stats
Lyrics % Correct
me?
100%
me
100%
so
98%
to
98%
for
96%
I
96%
sue
96%
the
96%
you
96%
be
94%
looking
94%
can't
90%
pretty
90%
we
90%
your
90%
go!
88%
that
88%
tonight
88%
being
86%
under
86%
wear
86%
ever
84%
lights
84%
good
82%
my
82%
no
82%
on
82%
something
82%
too
82%
everything
80%
forget
80%
it
80%
right
80%
don't
78%
friends
78%
that's
78%
color
76%
when
76%
and
75%
baby
75%
doing
75%
favorite
75%
favourite
75%
feelin'
75%
was
75%
with
75%
hard
73%
I'm
73%
oh
73%
wearing
73%
illegal
71%
it's
71%
like
71%
made
71%
myself
71%
not
71%
there's
71%
been
69%
chance
69%
said
69%
second
69%
shadow
69%
think
69%
well
69%
illegal
67%
name
67%
off
67%
did
65%
long
65%
moving
65%
out
65%
though
65%
as
63%
could
63%
miss
63%
remember
63%
you've
63%
change
61%
heard
61%
met
61%
up
61%
want
59%
what
59%
but
57%
goodbyes
57%
got
57%
into
57%
know
57%
past
57%
place
57%
floor
55%
see
55%
shape
55%
feeling
53%
hell
53%
hoping
53%
nothing
53%
running
53%
goodnights
51%
happened
51%
guess
49%
pick
49%
someone
49%
gonna
45%
jaw
45%
yourself
45%
ignore
43%
nonchalantly
43%
yup
43%
because
39%
walk
35%
dull
31%
hmm
25%
No matching quizzes found
Score Distribution
Percent of People with Each Score
Percentile by Number Answered
Your Score History
You have not taken this quiz